| 000 | 00967nam a22002537a 4500 | ||
|---|---|---|---|
| 999 |
_c22154 _d22154 |
||
| 003 | AR-CdUCM | ||
| 008 | 190429b ||||| |||| 00| 0 spa d | ||
| 040 |
_aMUNICIPALIDAD PROVINCIAL DEL CUSCO _cBIBLIOTECA MUNICIPAL DEL CUSCO |
||
| 082 | _aAtuqpa/N°2/2013 | ||
| 245 |
_aRewista Atuqpa Chupan / _cAyllunchikqa sunqu rurunchikpim |
||
| 260 |
_aLima. _bSánchez, _c2013. |
||
| 300 |
_a78 páginas. : _c30 cm. |
||
| 440 |
_aRewista Atuqpa Chupan. _nwata 2.yupa 2, 2012-2013. _947555 |
||
| 505 | _aContenido: Educación Bilingüe intercultural. Gloria Cáceres. -- Mamacha Santa Ana yuyarispa. Máximo Cama Ttito. -- Soi Indio. Landeo Muñoz Pablo. ... | ||
| 650 |
_aLiteratura cusqueña _947540 |
||
| 650 |
_aLiteratura quechua _97789 |
||
| 650 |
_aInterculturalidad _97556 |
||
| 650 |
_aIdioma quechua _927790 |
||
| 700 |
_aCama Ttito, Máximo _947556 |
||
| 700 |
_aCañari, Hilda _947557 |
||
| 700 |
_aSulca, Antonio _947558 |
||
| 942 |
_2ddc _cPP |
||
| 945 | _arac | ||